000 01317nam a2200325Ia 4500
001 ebr10178262
003 CaPaEBR
006 m u
007 cr cn|||||||||
008 960313s1996 qucb sb 001 0 eng d
010 _z 96900277
020 _z9780773514034
020 _z0773514031
040 _aCaPaEBR
_cCaPaEBR
035 _a(OCoLC)191818972
050 1 4 _aHC254.3
_b.R33 1996eb
082 0 4 _a330.942/02
_220
100 1 _aRaftis, J. A.
_q(James Ambrose),
_d1922-
245 1 0 _aPeasant economic development within the English manorial system
_h[electronic resource] /
_cJ.A. Raftis.
260 _aMontreal :
_bMcGill-Queen's University Press,
_c1996.
300 _aviii, 243 p. :
_bmaps.
504 _aIncludes bibliographical references and index.
533 _aElectronic reproduction.
_bPalo Alto, Calif. :
_cebrary,
_d2011.
_nAvailable via World Wide Web.
_nAccess may be limited to ebrary affiliated libraries.
650 0 _aFarm tenancy
_xEconomic aspects
_zEngland
_xHistory.
650 0 _aManors
_xEconomic aspects
_zEngland
_xHistory.
650 0 _aPeasants
_zEngland
_xHistory.
655 7 _aElectronic books.
_2local
710 2 _aebrary, Inc.
856 4 0 _uhttp://site.ebrary.com/lib/rucke/Doc?id=10178262
_zAn electronic book accessible through the World Wide Web; click to view
999 _c236824
_d236824